Kto potrebuje Zmluvu o výhrade svedomia?

Bibliographic Details
Main Author: Maňka, Vladimír, 1959- (Author)
Format: Article
Language:Slovak
ISSN:1335-468X
Subjects:

MARC

LEADER 00000nab a2200000 ar4500
001 vtls008408307
003 SK-MaSNL
005 20260426074501.0
008 051108c2005 xo wr|p|||||||000 b|slo
015 |a SNBRB2005/11  |2 snkbucl 
038 |a SNKBUCL 
040 |a SNKBUCL  |b slo  |c SNKBUCL  |e AACR2 
041 0 |a slo 
044 |a xo  |c SK 
080 |a 341.241  |x (437.6:456.31)  |2 UDC-MRF-SK2 
080 |a 342.731  |2 UDC-MRF-SK2 
080 |a 17.022.1  |2 UDC-MRF-SK2 
080 |a 241.2  |2 UDC-MRF-SK2 
100 1 |a Maňka, Vladimír,  |d 1959-  |4 aut  |9 119094 
245 1 0 |a Kto potrebuje Zmluvu o výhrade svedomia?  |c Vladimír Maňka 
650 0 7 |a výhrada svedomia  |2 snkbucl  |9 70147 
650 0 7 |a zmluvy  |2 snkbucl  |9 297422 
651 7 |a Slovensko  |2 snkbucl  |9 14231 
651 7 |a Vatikán  |2 snkbucl  |9 31476 
773 0 |t Slovo. Spoločensko-politický týždenník  |g Roč. VII, č. 26 (2005), s. 1-2  |x 1335-468X 
852 |a SNK  |b KIS3GCP 
958 |a SK 
958 |a VA 
999 |c 2739581  |d 2741511